000 01473nam a2200361 c 4500
003 BLK
005 20211210132021.0
008 180413b bul|||||r ||||||| ||bul||
010 _aKNG00019347000
020 _a954-8610-18-4
_bиздат.: Лира Принт - (грешен)
020 _a954-8610-16-7
_bиздат.: Лира Принт - (поправен)
040 _aBLK
041 _aBUL
_cBUL
080 _aАмериканска литература (на САЩ)
_b821.111(73)
_x-312.9
_z821.111(73)-312.9
100 1 _aРезник, Майк
_eпърви автор
_9243630
700 1 _aНотева, Сийка
_eпрев.
_9364956
139 _aРезник, Майк
_bР 46
245 1 0 _aРаят
_b[Роман]
_cМайк Резник; прев. Сийка Нотева.
257 _aUSA
260 София
_bЛира Принт
_c1997
300 _a240 с.
_c20 см
380 _aX
490 1 _aФантастика
490 1 _3Подсерия
_aХроника на човешкия вид
_vКн. 5
500 _aОриг. загл. Paradise / Mike Resnick. - Офс. изд. - 2 200 тир. Романът е кн. 5 от Хроника на човешкия вид.
653 _aфантастика
653 _aромани
852 _aЦб 194721
856 4 _qpdf
_u
856 4 _qpdf
_u
942 _cKNG
_n0
_03
944 _aCR
_c15.01.2003
_lф /
_kЛюдмила_Стоянова
944 _aED
_c26.08.2016
_lф /
_kПенка_Димитрова
999 _c17404
_d17404